Learning from experience: policy and practice in aid to higher education (Record no. 49018)

MARC details
000 -LEADER
fixed length control field 00931nam a2200217 a 4500
008 - FIXED-LENGTH DATA ELEMENTS--GENERAL INFORMATION
fixed length control field 100928s1995 ||||||||||||||||| || u
020 ## - INTERNATIONAL STANDARD BOOK NUMBER
International Standard Book Number 9064431701
050 ## - LIBRARY OF CONGRESS CALL NUMBER
Classification number COMM(02)
100 ## - MAIN ENTRY--PERSONAL NAME
Personal name King, Kenneth
245 10 - TITLE STATEMENT
Title Learning from experience: policy and practice in aid to higher education
Statement of responsibility, etc. edited by Lene Buchert and Kenneth King
260 ## - PUBLICATION, DISTRIBUTION, ETC.
Place of publication, distribution, etc. The Hague:
Name of publisher, distributor, etc. Centre for the Study of Education in Developing Countries(CESO)
Date of publication, distribution, etc. 1995
300 ## - PHYSICAL DESCRIPTION
Extent 261p.: ill.
350 ## - PRICE (NR) (BK AM CF MU VM SE) [OBSOLETE]
Price 0.00
490 ## - SERIES STATEMENT
Series statement CESO Paperback no.24
650 #0 - SUBJECT ADDED ENTRY--TOPICAL TERM
Topical term or geographic name entry element EDUCATIONAL TESTS AND MEASUREMENTS
650 ## - SUBJECT ADDED ENTRY--TOPICAL TERM
Topical term or geographic name entry element EDUCATION, HIGHER--ADMINISTRATION
650 ## - SUBJECT ADDED ENTRY--TOPICAL TERM
Topical term or geographic name entry element THIRD WORLD--DEVELOPMENT AID
700 ## - ADDED ENTRY--PERSONAL NAME
Personal name Buchert, Lene
710 ## - ADDED ENTRY--CORPORATE NAME
Corporate name or jurisdiction name as entry element Centre for the Study of Education in Developing Countries(CESO)
995 ## - RECOMMENDATION 995 [LOCAL, UNIMARC FRANCE]
-- 0.00
-- CBU-MAIN LIBRARY (Kitwe)
-- 1
-- 0.00
-- 1
-- AVAILABLE
-- Sep 28, 2010
-- International Publications
Holdings
Withdrawn status Lost status Source of classification or shelving scheme Damaged status Not for loan Home library Current library Shelving location Date acquired Total Checkouts Full call number Barcode Date last seen Price effective from Koha item type
          CBU-MAIN LIBRARY, KITWE. CBU-MAIN LIBRARY, KITWE.   11/30/2022   COMM(02) Z03007166 11/30/2022 11/30/2022 MONOGRAPH